| 000 | 00846nam a2200229Ia 4500 | ||
|---|---|---|---|
| 001 | L099-499 | ||
| 003 | IT-CnALBA | ||
| 008 | 170116s9999||||xx |||||||||||||| ||und|| | ||
| 040 |
_aIT-CnALBA _cIT-CnALBA |
||
| 041 | _aITALIANO | ||
| 100 | _aPALAU P. GABRIEL, SJ. | ||
| 245 | 0 | _aCHRISTUS | |
| 250 | _a1a ed. | ||
| 260 |
_aFIRENZE _bS. ROMOLO, COLLEGIO SERAFICO. FIRENZE _cn.d. |
||
| 300 | _a272 p. | ||
| 500 | _aTRADUZIONE DI BUSATO GIUSEPPE. PLAUSO DI S. PIO X. FUGA DEL MALE. RICERCA DEL BENE. RICERCA DELLA PACE. | ||
| 501 | _aSocietà San Paolo EM - Piazza San Paolo, 14 - 12051 ALBA (CN) (non commercial uses only) ® Copyright 2017 | ||
| 520 | _aTRADUZIONE DI BUSATO GIUSEPPE. PLAUSO DI S. PIO X. FUGA DEL MALE. RICERCA DEL BENE. RICERCA DELLA PACE. | ||
| 650 | _aLIBRI DI PICCOLO FORMATO | ||
| 942 | _cBK | ||
| 957 | _71 | ||
| 999 |
_a598 _bNO _g Copie: 1 _c259735 _d259735 |
||